Five Nights at Freddys - All Mangles - Statistics

General Stats
  • This quiz has been taken 43 times
  • The average score is 6 of 9
Answer Stats
In What Game Answer % Correct
FNAF 2 Mangle
100%
FNAF 4 Nightmare Mangle
100%
FNAF 3 Phantom Mangle
94%
FNAF WORLD Adventure Mangle
71%
FNAF WORLD Adventure Nightmare Mangle
59%
FNAF WORLD Adventure Phantom Mangle
59%
FNAF WORLD Tangle
44%
Help Wanted Shadow Mangle
35%
FNAF WORLD Xangle
18%
No matching quizzes found
Score Distribution
Percent of People with Each Score
Percentile by Number Answered
Your Score History
You have not taken this quiz